000 00678nam a2200277Ia 4500
005 20250425162401.0
008 250425s9999 xx 000 0 und d
020 _a978844815632
041 _aspa
043 _asp
082 _a338.54422
100 _aBERNANKE, BEN S
245 0 _aMICROECONOMIA
250 _a3A ED.
260 _aEspaña
_bMC GRAW HILL
_c2007
260 _aMADRID
300 _a496
500 _aTítulo Traducido: PRINCIPLES OF ECONOMICS
650 _aCOMERCIO INTERNACIONAL
650 _aMICROECONOMIA
650 _aVENTAJA COMPETITIVA
700 _aESTHER BASCO
_etraductor
710 _aMCGRAW-HILL
942 _c01
010 _a67899
999 _c228119
_d228119